[Event "Finistere-chT 0304"]
[Site "Finistere"]
[Date "2004.03.20"]
[Round "6.10"]
[White "Priser, Jacques"]
[Black "Lemee, Pierre"]
[Result "1-0"]
[WhiteElo "1730"]
[BlackElo "1499"]
[PlyCount "65"]
[EventDate "2003.10.??"]
[EventType "team-swiss"]
[EventRounds "6"]
[EventCountry "FRA"]
[SourceTitle "EXT 2005"]
[Source "ChessBase"]
[SourceDate "2004.11.15"]
[SourceVersion "1"]
[SourceVersionDate "2004.11.15"]
[SourceQuality "1"]

1. d4 b5 2. e4 Bb7 3. d5 Nf6 4. f3 a6 5. Be3 e6 6. dxe6 fxe6 7. Nh3 Be7 8. Bd3 0-0 9. 0-0 d6 10. a3 Nbd7 11. Ng5 Qc8 12. Nxe6 Rf7 13. c4 c6 14. cxb5 axb5 15. Ng5 Rf8 16. b4 Ne5 17. Qb3+ d5 18. exd5 cxd5 19. Bxb5 Ba6 20. Nc3 Nc4 21. Bxa6 Rxa6 22. Bd4 Nd2 23. Qc2 Nfe4 24. Ngxe4 Nxe4 25. fxe4 dxe4 26. Qxe4 Re8 27. Qd5+ Kh8 28. Ne4 Rd8 29. Qe5 Rg6 30. Qxe7 Re8 31. Qf7 Rg8 32. Rf4 Qc2 33. Qxg6 1-0